000 00313 a2200157 4500
001 179786
020 _a
040 _cMagnum
100 _aLea, Raquel
240 1 0 _aPequeno polegar
_lpor
245 1 0 _aPequeno polegar
362 0 _a1899
440 1 _aSaraiva
697 _aMAGNITO: PEDAGOGIA
942 _cBK
999 _c179786
_d179786